Hiệu thế thềm trong MOSFET Luận văn tốt nghiệp Đại học sư phạm ngành Vật lí Khóa 1974
Saved in:
| Main Author: | |
|---|---|
| Format: | Book |
| Language: | Undetermined |
| Published: |
Cần Thơ
Viện Đại học Cần Thơ, Khoa Sư phạm, Bộ môn Vật lí
1974
|
| Tags: |
Add Tag
No Tags, Be the first to tag this record!
|
| Institutions: | Trung tâm Học liệu Trường Đại học Cần Thơ |
|---|
| LEADER | 00670nam a2200181Ia 4500 | ||
|---|---|---|---|
| 001 | CTU_25612 | ||
| 008 | 210402s9999 xx 000 0 und d | ||
| 082 | |a 621.381 | ||
| 082 | |b V400/1974 | ||
| 100 | |a Lý Võ | ||
| 245 | 0 | |a Hiệu thế thềm trong MOSFET | |
| 245 | 0 | |b Luận văn tốt nghiệp Đại học sư phạm ngành Vật lí Khóa 1974 | |
| 245 | 0 | |c Lý Võ, Huỳnh Sa Mương | |
| 260 | |a Cần Thơ | ||
| 260 | |b Viện Đại học Cần Thơ, Khoa Sư phạm, Bộ môn Vật lí | ||
| 260 | |c 1974 | ||
| 904 | |i Nguyễn Quang Điền, 980929 | ||
| 980 | |a Trung tâm Học liệu Trường Đại học Cần Thơ | ||